<?xml version="1.0" encoding="UTF-8"?><?xml-stylesheet type="text/xsl" href="static/style.xsl"?><OAI-PMH xmlns="http://www.openarchives.org/OAI/2.0/" xmlns:xsi="http://www.w3.org/2001/XMLSchema-instance" xsi:schemaLocation="http://www.openarchives.org/OAI/2.0/ http://www.openarchives.org/OAI/2.0/OAI-PMH.xsd"><responseDate>2026-04-14T02:27:10Z</responseDate><request verb="GetRecord" identifier="oai:www.recercat.cat:10230/54917" metadataPrefix="marc">https://recercat.cat/oai/request</request><GetRecord><record><header><identifier>oai:recercat.cat:10230/54917</identifier><datestamp>2025-12-21T20:46:49Z</datestamp><setSpec>com_2072_6</setSpec><setSpec>col_2072_452954</setSpec></header><metadata><record xmlns="http://www.loc.gov/MARC21/slim" xmlns:dcterms="http://purl.org/dc/terms/" xmlns:xsi="http://www.w3.org/2001/XMLSchema-instance" xmlns:doc="http://www.lyncode.com/xoai" xsi:schemaLocation="http://www.loc.gov/MARC21/slim http://www.loc.gov/standards/marcxml/schema/MARC21slim.xsd">
   <leader>00925njm 22002777a 4500</leader>
   <datafield ind2=" " ind1=" " tag="042">
      <subfield code="a">dc</subfield>
   </datafield>
   <datafield ind2=" " ind1=" " tag="720">
      <subfield code="a">Giménez Lozano, Marina</subfield>
      <subfield code="e">author</subfield>
   </datafield>
   <datafield ind2=" " ind1=" " tag="260">
      <subfield code="c">2022-11-18T17:02:28Z</subfield>
   </datafield>
   <datafield ind2=" " ind1=" " tag="260">
      <subfield code="c">2022-11-18T17:02:28Z</subfield>
   </datafield>
   <datafield ind2=" " ind1=" " tag="260">
      <subfield code="c">2022</subfield>
   </datafield>
   <datafield ind2=" " ind1=" " tag="520">
      <subfield code="a">Tutor: Carlos Eduardo Ruiz Wills</subfield>
   </datafield>
   <datafield ind2=" " ind1=" " tag="520">
      <subfield code="a">Treball de fi de grau en Biomèdica</subfield>
   </datafield>
   <datafield ind2=" " ind1=" " tag="520">
      <subfield code="a">Knee osteoarthritis (OA) is one of the most prevalent forms of arthritis and one of the&#xd;
leading causes of disability. The pathological traits consist of articular cartilage&#xd;
degradation and bone thickening, among other factors. Since evaluating the changes in&#xd;
the cartilage is difficult to accomplish via medical tests, finite element (FE) models are&#xd;
arising as an alternative. However, they are too simple and do not consider changes&#xd;
through the gait cycle. Thus, the aim of this project is to evaluate the articular cartilage&#xd;
response of knee osteoarthritic patients during gait cycle through a FE model, using data&#xd;
from real patients.&#xd;
Three knee condition were evaluated: 1) healthy, 2) with OA referred to conservative&#xd;
treatment, and 3) with OA referred to surgery. For each condition, knee reaction force,&#xd;
rotation angles and time of full gait cycle was obtained from data of real patients. The&#xd;
biomechanical response was addressed by using a 3D knee FE model that considers the&#xd;
femur and tibia as rigid bodies, and the cartilages and menisci as composition-based&#xd;
materials. Two gait simulations were performed: a) full extension, and b) with angles of&#xd;
rotation. Emphasis is placed on contact pressure and water and proteoglycan content at&#xd;
cartilage zones most affected by OA according to clinical observations.&#xd;
Lateral articular cartilage receives significantly more contact pressure than the medial in&#xd;
all conditions. Nonetheless, an average pressure difference between both cartilages&#xd;
changes from 36.86% to 4.92% when cases 1) and 3) are compared. Similar outcomes&#xd;
were observed water and proteoglycans content. When rotation is considered, OA patients&#xd;
showed cartilage-cartilage contact, aspect not seen for healthy condition.&#xd;
Overall, this study provides valuable information for clinician in OA treatment decision&#xd;
making. Moreover, the effect of the biomechanical environment found in this study on&#xd;
cartilages cells need to be further study, to develop novel strategies to face knee OA.</subfield>
   </datafield>
   <datafield tag="653" ind2=" " ind1=" ">
      <subfield code="a">Articular Cartilage</subfield>
   </datafield>
   <datafield tag="653" ind2=" " ind1=" ">
      <subfield code="a">Finite Element Model</subfield>
   </datafield>
   <datafield tag="653" ind2=" " ind1=" ">
      <subfield code="a">Gait Cycle</subfield>
   </datafield>
   <datafield tag="653" ind2=" " ind1=" ">
      <subfield code="a">Knee Osteoarthritis</subfield>
   </datafield>
   <datafield ind2="0" ind1="0" tag="245">
      <subfield code="a">Exploration of articular cartilage biomechanical response during gait of patient with knee&#xd;
osteoarthritis using finite element models</subfield>
   </datafield>
</record></metadata></record></GetRecord></OAI-PMH>